| 000 | 00951nam a2200253Ia 4500 | ||
|---|---|---|---|
| 003 | OSt | ||
| 005 | 20200909210013.0 | ||
| 008 | 191128s1976 ck fr 000 0 spa d | ||
| 040 |
_aCO-JMCR _cCO-JMCR |
||
| 041 | 0 | _aspa | |
| 082 | 0 | 4 |
_a364.15 / _bM271d _223 |
| 100 | 1 |
_aMesa Velásquez, Luis Eduardo, _eautor _910083 |
|
| 245 | 1 | 0 |
_aDelitos contra la vida y la integridad personal : _bdelitos contra la propiedad / _cLuis Eduardo Mesa Velásquez |
| 250 | _aCuarta edición | ||
| 260 |
_aBogotá : _bUniversidad Externado de Colombia, _c1976 |
||
| 300 |
_a303 páginas ; _c23 cm. |
||
| 505 | 0 | _aEl homicidio -- De las lesiones personales -- Disposiciones comunes a los dos capítulos anteriores -- Del aborto -- Del duelo | |
| 650 | 1 | 4 |
_aDelitos contra la persona _98297 |
| 650 | 1 | 4 |
_aDelitos (Derecho) _910084 |
| 650 | 1 | 4 |
_aDelitos contra la propiedad _98296 |
| 650 | 2 | 4 |
_aHomicidios _910085 |
| 650 | 2 | 4 |
_aMedicina legal _910086 |
| 942 |
_2ddc _cBK |
||
| 999 |
_c5955 _d5955 |
||